000
00188 a2200097 4500
020
_a
9781490037905
041
_a
spa
100
_a
Claire Booher
245
_a
Dos Buhos en paris
942
_c
K
999
_c
27560
_d
27560